000 02167cam a2200265 4500500
005 20260111112245.0
041 _afre
042 _adc
100 1 0 _aGolse, Bernard
_eauthor
245 0 0 _aNote sur le « Sense of being » de D.W. Winnicott au regard de l’intersubjectivité et de la subjectivation
260 _c2016.
500 _a21
520 _aAprès avoir rappelé quelques points principaux concernant l’intersubjectivité, la subjectivation et leurs rapports réciproques, l’auteur présente brièvement quatre pistes de réflexion chères à D.W. Winnicott et qui convergent toutes vers le «  sense of being » : l’être et le faire, la question du jeu, la question du vrai Self et celle de l’objet transitionnel enfin. À partir de là, en s’appuyant sur un article d’André Green, il tente de montrer comment s’articule le «  sense of being » avec la notion de créativité en tenant compte du fait que le «  sense of being » winnicottien se situe en deçà de l’intersubjectivité et de la subjectivation.
520 _aAfter recalling some key points regarding intersubjectivity, subjectivation and their mutual relations, the author briefly introduces four central tracks of Winnicott’s thinking which converge around the “sense of being”: being and doing, the question of the game, the question of the true Self, and finally that one of the transitional object. From there, based on an article by A. Green, he tries to show how it is possible to articulate the “sense of being” with the notion of creativity, taking into account that the winnicottian “sense of being” falls below intersubjectivity and subjectivation.
690 _aCréativité
690 _aIntersubjectivité
690 _aSense of being
690 _aSubjectivation
690 _aCreativity
690 _aintersubjectivity
690 _asense of being
690 _asubjectivation
786 0 _nJournal de la psychanalyse de l'enfant | 6 | 1 | 2016-04-20 | p. 107-114 | 0994-7949
856 4 1 _uhttps://shs.cairn.info/revue-journal-de-la-psychanalyse-de-l-enfant-2016-1-page-107?lang=fr&redirect-ssocas=7080
999 _c1631923
_d1631923